00628nam a2200145Ia 4500008004100000050002400041100002600065245012900091260008600220300002800306521001500334942000700349999001900356952010700375140724s9999 xx 000 0 und d aHD 58.7b.M694 2011 aMoersheim, Stephan M. 2aA comparative study of customer satisfaction ratings of the restaurants Buona Vita and Casa Iberica /cStephan M. Moersheim. aLas Piñas, Philippines :bSouthville International School and Colleges,cc2011. a56 p. :bill. ;c28 cm. aPsychology cTH c229082d229082 001040aCLbCLcTHESESd2014-07-24l0oHD 58.7 .M694 2011pT0436r2018-05-15 00:00:00w2014-07-24yTH